<?xml version="1.0" encoding="UTF-8"?>
<marc:record xmlns:marc="http://www.loc.gov/MARC21/slim">
   <marc:leader>00000nam a2200000 a 4500</marc:leader>
   <marc:datafield ind1="1" ind2=" " tag="100">
      <marc:subfield code="a">Tadday, Ulrich</marc:subfield>
      <marc:subfield code="4">edt</marc:subfield>
      <marc:subfield code="e">Bearbeiter/-in</marc:subfield>
   </marc:datafield>
   <marc:datafield ind1=" " ind2=" " tag="653">
      <marc:subfield code="a">Sullivan</marc:subfield>
   </marc:datafield>
   <marc:datafield ind1=" " ind2=" " tag="653">
      <marc:subfield code="a">Arthur</marc:subfield>
   </marc:datafield>
   <marc:datafield ind1=" " ind2=" " tag="653">
      <marc:subfield code="a">Aufsatzsammlung</marc:subfield>
   </marc:datafield>
   <marc:datafield ind1="0" ind2="0" tag="245">
      <marc:subfield code="a">Arthur Sullivan</marc:subfield>
   </marc:datafield>
   <marc:datafield ind1="0" ind2="0" tag="245">
      <marc:subfield code="c">hrsg. von Ulrich Tadday</marc:subfield>
   </marc:datafield>
   <marc:datafield ind1=" " ind2="1" tag="264">
      <marc:subfield code="a">München</marc:subfield>
      <marc:subfield code="b">Ed. Text + Kritik</marc:subfield>
      <marc:subfield code="c">2011</marc:subfield>
   </marc:datafield>
   <marc:datafield ind1="1" ind2=" " tag="490">
      <marc:subfield code="a">Musik-Konzepte</marc:subfield>
      <marc:subfield code="v">H. 151</marc:subfield>
   </marc:datafield>
   <marc:datafield ind1="1" ind2=" " tag="520">
      <marc:subfield code="a">Angaben aus der Verlagsmeldung

Arthur Sullivan

Arthur Sullivan (1842–1900) war der bedeutendste britische Komponist des 19. Jahrhunderts. Mit seinen Liedern, Orchesterwerken, Kantaten und Opern sowie seinem Engagement als Dirigent, Festspielleiter und Musikforscher gab er dem britischen Musikleben, das nach dem Tode Purcells in eine Krise geraten war, entscheidende neue Impulse. »In der Tat war Sullivan bekanntlich Pionier, der England von seinem Ruf als ›Land ohne Musik‹ befreite, sodass es in der zweiten Hälfte des 20. Jahrhunderts seine Stellung als eine der führenden Musiknationen der Welt behauptet«, meinte der Dirigent Sir Charles Mackerras, der gut 30 Jahre lang Vorsitzender der Sir Arthur Sullivan Society war. Den Nachruhm sicherten Sullivan vor allem seine komischen Opern, zu denen ihn sein Freund Gioacchino Rossini angeregt hatte. Zu Unrecht ignoriert wurde jahrzehntelang sein übriges umfangreiches Schaffen für Bühne und Konzert. Erst heute ermöglichen neue Aufnahmen, Noteneditionen und Forschungsergebnisse ein umfassenderes Bild. Der Band versammelt Beiträge von namhaften Autoren der internationalen Sullivan-Forschung: Benedict Taylor, David J. Eden, Meinhard Saremba, Brooks Kuykendall und Richard Silverman, deren Aufsätze ein breites Spektrum behandeln, das von der musikalischen Ästhetik und dem kompositorischen Stil, von den Librettisten des Musikdramatikers bis hin zu Fragen der Interpretation und Rezeption des Werkes reicht. Der Band soll helfen, das recht einseitige Bild, das in Deutschland vom Komponisten Arthur Sullivan besteht, zu berichtigen.
</marc:subfield>
   </marc:datafield>
   <marc:datafield ind1=" " ind2=" " tag="020">
      <marc:subfield code="a">9783869161037</marc:subfield>
      <marc:subfield code="9">9783869161037</marc:subfield>
   </marc:datafield>
   <marc:datafield ind1=" " ind2=" " tag="041">
      <marc:subfield code="a">ger</marc:subfield>
   </marc:datafield>
   <marc:datafield ind1=" " ind2=" " tag="300">
      <marc:subfield code="a">114 S.</marc:subfield>
   </marc:datafield>
</marc:record>
